Emotional intelligence : why it can matter more than IQ (Record no. 62220)
[ view plain ]
| 000 -LEADER | |
|---|---|
| fixed length control field | 00662nam a22001937a 4500 |
| 003 - CONTROL NUMBER IDENTIFIER | |
| control field | NUST-PNEC |
| 005 - DATE AND TIME OF LATEST TRANSACTION | |
| control field | 20170116180742.0 |
| 008 - FIXED-LENGTH DATA ELEMENTS--GENERAL INFORMATION | |
| fixed length control field | 141225b xxu||||| |||| 00| 0 eng d |
| 020 ## - INTERNATIONAL STANDARD BOOK NUMBER | |
| International Standard Book Number | 0747526222 |
| 040 ## - CATALOGING SOURCE | |
| Transcribing agency | PNEC |
| 082 ## - DEWEY DECIMAL CLASSIFICATION NUMBER | |
| Classification number | 152.4 GOL |
| 100 ## - MAIN ENTRY--PERSONAL NAME | |
| 9 (RLIN) | 1147 |
| Personal name | Goleman Daniel |
| 245 ## - TITLE STATEMENT | |
| Title | Emotional intelligence : why it can matter more than IQ |
| Statement of responsibility, etc. | Daniel Goleman |
| 260 ## - PUBLICATION, DISTRIBUTION, ETC. | |
| Place of publication, distribution, etc. | London : |
| Name of publisher, distributor, etc. | Bloomsbury, |
| Date of publication, distribution, etc. | c1996. |
| 300 ## - PHYSICAL DESCRIPTION | |
| Extent | xiv, 352 pages ; |
| Dimensions | 24 cm |
| 500 ## - GENERAL NOTE | |
| General note | Includes index. |
| 856 ## - ELECTRONIC LOCATION AND ACCESS | |
| Uniform Resource Identifier | <a href="http://www.amazon.com/Emotional-Intelligence-Matter-More-Than/dp/0747526222/ref=sr_1_1?s=books&ie=UTF8&qid=1419496261&sr=1-1&keywords=0747526222">http://www.amazon.com/Emotional-Intelligence-Matter-More-Than/dp/0747526222/ref=sr_1_1?s=books&ie=UTF8&qid=1419496261&sr=1-1&keywords=0747526222</a> |
| 942 ## - ADDED ENTRY ELEMENTS (KOHA) | |
| Source of classification or shelving scheme | |
| Koha item type | Book |
| Withdrawn status | Lost status | Source of classification or shelving scheme | Damaged status | Not for loan | Permanent Location | Current Location | Shelving location | Date acquired | Source of acquisition | Cost, normal purchase price | Total Checkouts | Full call number | Barcode | Date last seen | Cost, replacement price | Price effective from | Koha item type | Date last checked out |
|---|---|---|---|---|---|---|---|---|---|---|---|---|---|---|---|---|---|---|
| Pakistan Navy Engineering College (PNEC) | Pakistan Navy Engineering College (PNEC) | Donated By PN Book Club | 0.00 | 152.4 GOL | PNECLIB-022512 | 12/25/2014 | 0.00 | Book | ||||||||||
| Pakistan Navy Engineering College (PNEC) | Pakistan Navy Engineering College (PNEC) | Donated By PN Book Club | 0.00 | 152.4 GOL | PNECLIB-022513 | 12/25/2014 | 0.00 | Book | ||||||||||
| Pakistan Navy Engineering College (PNEC) | Pakistan Navy Engineering College (PNEC) | Donated By PN Book Club | 0.00 | 1 | 152.4 GOL | PNECLIB-022514 | 03/02/2016 | 0.00 | Book | 03/02/2016 | ||||||||
| Pakistan Navy Engineering College (PNEC) | Pakistan Navy Engineering College (PNEC) | Donated | 5 | 152.4 GOL | PNECLIB-032219 | 11/29/2016 | Book | 11/29/2016 |
